Poľnohospodárstvo a hospodárska a finančná kríza

Dopady finančnej a hospodárskej krízy na poľnohospodárstvo, jeho výsledky, zmeny v produkčných štruktúrach, ekonomika poľnohospodárskych podnikov. Analýza špecifických krízových javov v poľnohospodárstve SR, najmä cenovej volatility. Identifikácia príznakov krízy v ekonomike a manažmente agrárnych f...

Ausführliche Beschreibung

Gespeichert in:
Bibliographische Detailangaben
1. Verfasser: Grznár, Miroslav
Weitere Verfasser: Szabo, Ľuboslav
Format: Buchkapitel
Sprache:Slowakisch
Schlagworte:
Tags: Tag hinzufügen
Keine Tags, Fügen Sie das erste Tag hinzu!

MARC

LEADER 00000nla a2200000 4500
001 0152712
005 20240502072723.6
041 0 |a slo 
044 |a SK 
245 1 0 |a Poľnohospodárstvo a hospodárska a finančná kríza  |c Miroslav Grznár, Ľuboslav Szabo 
520 |a Dopady finančnej a hospodárskej krízy na poľnohospodárstvo, jeho výsledky, zmeny v produkčných štruktúrach, ekonomika poľnohospodárskych podnikov. Analýza špecifických krízových javov v poľnohospodárstve SR, najmä cenovej volatility. Identifikácia príznakov krízy v ekonomike a manažmente agrárnych fariem. Úloha krízového plánovania a opatrenia krízového manažmentu na zmierňovanie dopadov krízy. 
610 2 0 |a kríza finančná 
610 2 0 |a kríza hospodárska 
610 2 0 |a poľnohospodárstvo 
610 2 0 |a farmy 
610 2 0 |a manažment krízový 
610 2 0 |a ceny 
610 2 0 |a volatilita 
610 2 0 |a plánovanie 
100 1 |a Grznár, Miroslav 
700 1 |a Szabo, Ľuboslav